000 01137 a2200229 4500
001 49259
005 20260407155755.0
008 260407a1982 arg spa d
003 AR-UNSa-BCEJYS
040 _aAR-UNSa-BCEJYS
_bspa
_cAR-UNSa-BCEJYS
080 _a330.1
_xCiencia económica. Conceptos fundamentales de teoría económica. Valor. Capital. Fondos
245 1 0 _aFundamentos de análisis económico
020 _a950-23-0012-2
250 _a2a. ed.
264 1 _aBuenos Aires :
_bEUDEBA (Editorial Universitaria de Buenos Aires)
_c1982
300 _a349 p.
_c22 cm.
505 _aPrimera Parte: 1. Naturaleza de la economía - 2. Trascendencia de la teoría del valor - 3. Determinación de los precios - 4. Significado de la catalactica - 5. Injerencia gubernamental en el mercado - - Segunda Parte: 6. Política monetaria - 7. Función del interés - 8. Formación de capital - - Tercera Parte: 9. Política laboral - 10. Política fiscal - 11. Relaciones internacionales - 12. El marco jurídico.
041 _aspa
942 _cBK
590 _aniveau_biblio:m niveau_hierar:0
100 1 _aBenegas Lynch, Alberto (h)
999 _c4785
_d4785